000 00725nam a2200253Ia 4500
003 OSt
005 20220918222216.0
006 a|||||r|||| 00| 0
007 ta
008 220917b |||||||| |||| 00| 0 eng d
024 _a216,020
037 _cTextual
040 _aARTS
_cARTS
_beng
041 _2eng
_aeng
082 _aV3:170aY:1.M, M6(M.Phil)
100 _aMackenzie John M. Ed.
_9107204
245 0 _aImperialism and popular culture
260 _aManchester
_bManchester university press
_c1986
300 _a264 p
_ccm.
490 _aStudies in imperialism
650 _aHISTORY
942 _hV3:170aY:1.M, M6(M.Phil)
_cTEXL
_2CC
999 _c274781
_d274781